00606 2200241 4500001002100000005001500021035002000036007000300056008004100059020002200100082001000122084001600132100001100148245004700159250001000206260003400216300003000250650003600280700001500316990001100331990001100342990001100353INLIS00000000000436020220330113800 a0010-1019000212ta220330 g 0 ind  a978-602-165-628-0 a745.5 a745.5 MEL c0 aMELANI1 aCookies Hias /cMelani; editor, Berliyandy acet.1 aSurabaya :bTiara Aksa,c2015 a64 hlm. :bilus. ;c21 cm 4aSENI DEKORASI. KERAJINAN TANGAN0 aBERLIYANDY a6986 a a6986 b a6989 c